000 00482nam a2200169Ia 4500
005 20250508154124.0
008 008 250505s9999 xx 000 0 eng d
037 _aTextual
040 _aFEDL
_beng
_cFEDL
041 _aeng
_2eng
084 _a374.6, IND
_qFEDL
245 0 _aReport of the conference on university adult education
245 4 _cThe Indian Adult Education Association
300 _a80p.
942 _cTEXL
_h374.6, IND
999 _c1347817
_d1347817